| 000 | 01201nam a2200289 a 4500 | ||
|---|---|---|---|
| 001 | 20671 | ||
| 003 | BD-RjUL | ||
| 005 | 20211209000608.0 | ||
| 008 | 140302s1959 enk 000 0 ang d | ||
| 035 | _a(BD-RjUL)20733 | ||
| 040 |
_aBD-RjUL _beng _cBD-RjUL _dBD-RjUL |
||
| 041 | 0 |
_aang _aeng |
|
| 082 |
_a829.3 _bBEO |
||
| 245 | 1 | 0 |
_aBeowulf / _creproduced in facsimile from the unique manuscript, British Museum MS. Cotton Vitellius A. XV ; with a transliteration and notes by Julius Zupitza ; containing a new reproduction of the manuscript with an introductory note by Norman Davis. |
| 250 | _a2nd ed. | ||
| 260 |
_aLondon : _bPublished for The Early English Text Society by the Oxford University Press, _c1959. |
||
| 300 |
_axxi, 145 p., [140] p. of plates : _bfacsim ; _c25 cm. |
||
| 490 | 1 |
_aEarly English Text Society ; _v245 |
|
| 500 | _aText in Anglo-Saxon with notes in English. | ||
| 650 |
_aBeowulf _963783 |
||
| 830 | 0 |
_v245. _963790 |
|
| 700 | 1 |
_aZupitza, Julius, _d1844-1895. _963785 |
|
| 700 | 1 |
_aDavis, Norman, _d1913- _922814 |
|
| 710 | 2 |
_aBritish Library. _kManuscript. _nCotton Vitellius A XV. _963786 |
|
| 830 | 0 |
_aEarly English Text Society (Series) ; _963791 |
|
| 942 |
_2ddc _cBK |
||
| 999 |
_c20671 _d20671 |
||